Top 20 Fandoms on Fanfiction.net - Statistics

General Stats
  • This quiz has been taken 246 times
  • The average score is 5 of 20
Answer Stats
Rank Answer Category No. of stories % Correct
1 Harry Potter Books 836K
98%
2 Naruto Anime/Manga 435K
60%
4 Supernatural TV Shows 126K
53%
3 Twilight Books 221K
47%
10 Percy Jackson and the Olympians Books 79.2K
41%
15 Sherlock TV Shows 60K
40%
17 Star Wars Movies 57.0K
34%
11 Doctor Who TV Shows 76.2K
30%
16 Lord of the Rings Books 57.8K
25%
9 Bleach Anime/Manga 85.4K
23%
18 Dragon Ball Z Anime/Manga 53.8K
22%
8 Pokémon Games 101K
21%
14 Fairy Tail Anime/Manga 68.2K
8%
20 Buffy the Vampire Slayer TV Shows 50.8K
7%
7 Glee TV Shows 108K
7%
6 Hetalia: Axis Powers Anime/Manga 119K
7%
5 Inuyasha Anime/Manga 120K
6%
19 Once Upon a Time TV Shows 52.9K
6%
12 Kingdom Hearts Games 74.4K
5%
13 Yu-Gi-Oh! Anime/Manga 68.5K
4%
No matching quizzes found
Score Distribution
Percent of People with Each Score
Percentile by Number Answered
Your Score History
You have not taken this quiz